000 00864cab a2200265 4500
001 WB3232-27
008 090401t1996 xxu||||| |||| 00| 0 eng d
035 _a(Sirsi) u73752
041 _aeng
245 _aBZW plans new property derivatives
260 _c1996
350 _a0
490 _aEstates Gazette
_v(9633) 17 August 1996, 29(1)
520 _aBZW`s Property Index Futures will rival REIMs, providing a property derivative that allows investors to bet on the movement of the IPD All Property Capital Growth Index.
650 _aALL PROPERTY CAPITAL GROWTH INDEX
650 _aBZW
650 _aIPD
650 _aPROPERTY DERIVATIVES
650 _aPROPERTY INDEX FUTURES
650 _aPROPERTY INVESTMENT
650 _aREAL ESTATE INDEX MARKET
690 _aPROPERTY-PROPERTY FINANCE AND INVESTMENT
942 _n0
948 _c04/03/1997
999 _c46560
_d46560